The universe at ultraviolet wavelengths (Record no. 6834)

MARC details
000 -LEADER
fixed length control field 00653nam a2200193Ia 4500
003 - CONTROL NUMBER IDENTIFIER
control field IN-BaIIA
008 - FIXED-LENGTH DATA ELEMENTS--GENERAL INFORMATION
fixed length control field 211028s9999 xx 000 0 eng d
040 ## - CATALOGING SOURCE
Transcribing agency IIA Library
080 ## - UNIVERSAL DECIMAL CLASSIFICATION NUMBER
Universal Decimal Classification number 52-74(082.2)
Item number THE
245 #4 - TITLE STATEMENT
Title The universe at ultraviolet wavelengths
Statement of responsibility, etc. edited by Robert D. Chapman
260 ## - PUBLICATION, DISTRIBUTION, ETC.
Place of publication, distribution, etc. Maryland
Name of publisher, distributor, etc. National Aeronautics and Space Administration
Date of publication, distribution, etc. 1981
300 ## - PHYSICAL DESCRIPTION
Extent [various pagings.]
650 ## - SUBJECT ADDED ENTRY--TOPICAL TERM
Topical term or geographic name entry element Astronomy
9 (RLIN) 80
650 ## - SUBJECT ADDED ENTRY--TOPICAL TERM
Topical term or geographic name entry element Astronomy and astrophysics thesaurus
650 ## - SUBJECT ADDED ENTRY--TOPICAL TERM
Topical term or geographic name entry element Space astronomy
9 (RLIN) 3005
650 ## - SUBJECT ADDED ENTRY--TOPICAL TERM
Topical term or geographic name entry element Ultra-violet astronomy
9 (RLIN) 11718
700 ## - ADDED ENTRY--PERSONAL NAME
Personal name Chapman, Robert D., ed.
9 (RLIN) 11719
942 ## - ADDED ENTRY ELEMENTS (KOHA)
Koha item type Books
Holdings
Withdrawn status Lost status Damaged status Not for loan Home library Current library Shelving location Date acquired Total Checkouts Full call number Barcode Date last seen Price effective from Koha item type
        IIA Library-Bangalore IIA Library-Bangalore General Stacks 04/08/1981   52-74(082.2)/ THE 7598 05/11/2021 04/08/1981 Books

Powered by Koha